Οικονομική θέσις και ανάπτυξη του νομού Φθιώτιδος : μετά συνοπτικών στατιστικών στοιχείων της εθνικής οικονομίας
Αποθηκεύτηκε σε:
| Κύριος συγγραφέας: | |
|---|---|
| Μορφή: | Βιβλίο |
| Γλώσσα: | Greek |
| Δημοσίευση: |
Αθήνα :
1971
|
| Θέματα: | |
| Ετικέτες: |
Προσθήκη ετικέτας
Δεν υπάρχουν, Καταχωρήστε ετικέτα πρώτοι!
|
MARC
| LEADER | 00000nam a2200000 i 4500 | ||
|---|---|---|---|
| 001 | 1/26802 | ||
| 008 | 960726s1971 gre d | ||
| 035 | |l 10022739 | ||
| 040 | |a GR-MY-UA |b gre |e aacr | ||
| 041 | 0 | |a gre | |
| 082 | 0 | |a 338.94951 | |
| 100 | 1 | |a Ζούμπος, Γιάννης Γ. | |
| 245 | 1 | 0 | |a Οικονομική θέσις και ανάπτυξη του νομού Φθιώτιδος : |b μετά συνοπτικών στατιστικών στοιχείων της εθνικής οικονομίας / |c Ιωάννου Γ. Ζούμπου |
| 260 | |a Αθήνα : |c 1971 | ||
| 300 | |a 129 σ. | ||
| 500 | |a Περιέχει βιβλιογραφία | ||
| 650 | 0 | 0 | |a Economic development |z Greece |z Phthiotis. |
| 852 | |a INST |b CHIOS |e 19960726 |h 338.94951 ΖΟΥ |p 005200008697 |q 005200008697 |t BK |y 0 | ||
| 909 | |a Χ |b 016304 | ||